Washington Wizards All-Time Scoring Leaders - Statistics

General Stats
  • This quiz has been taken 37 times
  • The average score is 10 of 20
Answer Stats
Points Player % Correct
15551 Elvin Hayes
97%
10879 John Wall
94%
10624 Wes Unseld
91%
11425 Bradley Beal
88%
8930 Gilbert Arenas
79%
9781 Gus Johnson
64%
7775 Earl Monroe
52%
8736 Antawn Jamison
48%
8530 Juwan Howard
48%
11083 Jeff Malone
45%
6516 Bernard King
42%
9020 Walt Bellamy
39%
9778 Phil Chenier
30%
5653 Heff Ruland
27%
5889 Caron Butler
24%
8706 Greg Ballard
21%
5445 Harvey Grant
18%
6442 Kevin Grevey
15%
9833 Kevin Loughery
15%
8017 Jack Marin
12%
No matching quizzes found
Score Distribution
Percent of People with Each Score
Percentile by Number Answered
Your Score History
You have not taken this quiz